[Event "OGD Prinsenstad-toernooi - A groep"]
[Site "Delft"]
[Date "2009.01.03"]
[Round "4.5"]
[White "Barendse, Ted"]
[Black "Van Helvoort, Rob"]
[Result "1/2-1/2"]
[WhiteElo "2088"]
[BlackElo "2196"]
[PlyCount "239"]
[EventDate "2009.01.02"]
[EventType "swiss"]
[EventRounds "6"]
[EventCountry "NED"]
[Source "DSC"]
[SourceDate "2009.01.02"]

1. e4 c5 2. Nf3 Nc6 3. d4 cxd4 4. Nxd4 Nf6 5. Nc3 e5 6. Ndb5 d6 7. Bg5 a6 8.
Na3 Be6 9. Nc4 Rc8 10. Bxf6 Qxf6 11. Nxd6+ Bxd6 12. Qxd6 Rd8 13. Qc5 Nd4 14.
Nd5 Bxd5 15. exd5 b6 16. Qc7 Rd7 17. Qc8+ Rd8 18. Qc7 Rxd5 19. Bd3 O-O 20. O-O
Rc5 21. Qb7 a5 22. c3 Qc6 23. Qxc6 Nxc6 24. Rad1 Nd8 25. Be4 Ne6 26. g3 b5 27.
Bd5 b4 28. c4 Nc7 29. b3 Nxd5 30. Rxd5 Rxd5 31. cxd5 Rc8 32. d6 f6 33. d7 Rd8
34. Rd1 Kf7 35. Rd5 Ke6 36. Rxa5 Rxd7 37. Rb5 Rd2 38. Rxb4 Rxa2 39. Rb7 Rb2 40.
Rxg7 Rxb3 41. Rxh7 Kf5 42. Rg7 e4 43. h4 e3 44. fxe3 Rxe3 45. h5 Re8 46. Kg2
Rh8 47. Kf3 Ke6 48. g4 f5 49. Kf4 fxg4 50. Kg5 g3 51. h6 g2 52. Kh5 Kf6 53.
Rxg2 Kf7 54. Rf2+ Ke7 55. Rf4 Ke8 56. Ra4 Kf7 57. Ra7+ Kf6 58. h7 Rb8 59. Kh6
Re8 60. Rg7 Re1 61. Rg6+ Kf7 62. h8=N+ Ke7 63. Kg7 Re2 64. Rg3 Re1 65. Ng6+ Ke6
66. Rg5 Kd7 67. Rd5+ Kc6 68. Rd2 Re3 69. Kf6 Kc5 70. Ne5 Rh3 71. Ng4 Rh1 72.
Ke6 Re1+ 73. Ne5 Re3 74. Rd5+ Kb4 75. Kd6 Rh3 76. Rd1 Rh6+ 77. Kd5 Rh8 78. Nc6+
Kc3 79. Rg1 Rh5+ 80. Ne5 Rh3 81. Rc1+ Kd2 82. Ra1 Rh8 83. Ra2+ Ke3 84. Ra3+ Kd2
85. Kd4 Rh4+ 86. Kd5 Rh8 87. Nc4+ Ke2 88. Ra2+ Kf3 89. Ne5+ Ke3 90. Ra3+ Kd2
91. Rg3 Ra8 92. Kd4 Rd8+ 93. Ke4 Re8 94. Rd3+ Kc2 95. Rd7 Rh8 96. Rc7+ Kb3 97.
Kd5 Rh5 98. Rg7 Rh8 99. Nd7 Rh5+ 100. Kc6 Rh6+ 101. Kb5 Rh5+ 102. Nc5+ Kc3 103.
Rd7 Kc2 104. Rd4 Rh8 105. Kc4 Rc8 106. Rd7 Rh8 107. Re7 Kd2 108. Ne4+ Ke3 109.
Nd6+ Kf3 110. Kd4 Rd8 111. Ke5 Ra8 112. Nc4 Kg4 113. Ne3+ Kf3 114. Nd5 Ra5 115.
Rf7+ Ke2 116. Rb7 Kd3 117. Rc7 Kd2 118. Rc4 Ra8 119. Rh4 Kc2 120. Rh3 1/2-1/2

[Event "OGD Prinsenstad-toernooi - A groep"]
[Site "Delft"]
[Date "2009.01.04"]
[Round "4.16"]
[White "Vesters, Melchior"]
[Black "Speck, Stefan"]
[Result "1-0"]
[WhiteElo "2052"]
[BlackElo "2062"]
[PlyCount "65"]
[EventDate "2009.01.02"]
[EventType "swiss"]
[EventRounds "6"]
[EventCountry "NED"]
[Source "DSC"]
[SourceDate "2009.01.02"]

1. g3 d6 2. Nc3 e5 3. Bg2 Nc6 4. Nf3 Nf6 5. O-O Be7 6. d4 exd4 7. Nxd4 Nxd4 8.
Qxd4 O-O 9. e4 c6 10. Bf4 Ne8 11. a4 Nc7 12. Qd2 Ne6 13. Be3 f6 14. a5 Qc7 15.
b4 Nd8 16. b5 Nf7 17. a6 bxa6 18. bxc6 Be6 19. Nd5 Bxd5 20. exd5 Ne5 21. Bd4 f5
22. f4 Nc4 23. Qc3 Nb6 24. Rxa6 Bf6 25. Rfa1 Qf7 26. Bxf6 gxf6 27. Qa5 Nc4 28.
Qa2 Ne3 29. Rxa7 Rxa7 30. Qxa7 Nxc2 31. Qxf7+ Rxf7 32. Rc1 Nd4 33. c7 1-0

[Event "OGD Prinsenstad-toernooi - A groep"]
[Site "Delft"]
[Date "2009.01.04"]
[Round "5.1"]
[White "Giri, Anish"]
[Black "Van den Doel, Erik"]
[Result "1-0"]
[WhiteElo "2447"]
[BlackElo "2566"]
[PlyCount "180"]
[EventDate "2009.01.02"]
[EventType "swiss"]
[EventRounds "6"]
[EventCountry "NED"]
[Source "DSC"]
[SourceDate "2009.01.02"]

1. d4 Nf6 2. c4 e6 3. Nf3 Bb4+ 4. Bd2 c5 5. Bxb4 cxb4 6. e3 O-O 7. Be2 d6 8.
O-O Nc6 9. a3 bxa3 10. Nxa3 e5 11. Nb5 a5 12. h3 b6 13. Qb3 Ba6 14. Rfd1 e4 15.
Nd2 Nb4 16. Nc3 Re8 17. Na2 Nxa2 18. Qxa2 d5 19. b3 Qd6 20. Rdc1 Rec8 21. c5
Qc6 22. Bxa6 Rxa6 23. b4 a4 24. b5 Qxb5 25. cxb6 Qd7 26. Rc5 Rxb6 27. Qxa4 Rbc6
28. Rxc6 Rxc6 29. Nb3 Rc8 30. Qxd7 Nxd7 31. Ra7 Nf6 32. Nc5 Rd8 33. Kh2 g5 34.
Kg3 Rd6 35. f3 exf3 36. gxf3 h6 37. Nd3 Nh5+ 38. Kg4 Ng7 39. h4 f6 40. hxg5
hxg5 41. f4 Re6 42. Nb4 gxf4 43. Kxf4 Rd6 44. Ra5 Kf7 45. Nxd5 Ne6+ 46. Kg4 Rd7
47. Kf3 Ng5+ 48. Kf4 Ne6+ 49. Ke4 Ng5+ 50. Kf5 Ne6 51. Ke4 Ng5+ 52. Kd3 Ne6 53.
Nc3 Ng5 54. Ra6 Ne6 55. Ne4 Rd8 56. Ra5 Rb8 57. Rf5 Rb3+ 58. Ke2 Rb4 59. Kd3
Rb3+ 60. Kd2 Rb2+ 61. Kc3 Re2 62. Kd3 Ra2 63. Rxf6+ Ke7 64. Rf1 Ra3+ 65. Nc3
Nc7 66. Rf5 Ke6 67. Rc5 Na6 68. Rc6+ Kd7 69. Rc4 Nc7 70. e4 Nb5 71. Rc5 Nd6 72.
e5 Nf7 73. Rb5 Ke6 74. Rb6+ Ke7 75. Kc4 Ra1 76. Rb7+ Ke8 77. Ne4 Ra4+ 78. Kd5
Ra5+ 79. Nc5 Nd8 80. Rb8 Ke7 81. Rxd8 Kxd8 82. Kc6 Ra1 83. d5 Re1 84. e6 Re2
85. Kd6 Re1 86. Nd7 Re2 87. Ne5 Ke8 88. Nc6 Rh2 89. Kc7 Rh7+ 90. Kc8 Rh6 1-0

[Event "OGD Prinsenstad-toernooi - A groep"]
[Site "Delft"]
[Date "2009.01.04"]
[Round "5.2"]
[White "Van Oosterom, Chiel"]
[Black "Reinderman, Dimitri"]
[Result "0-1"]
[WhiteElo "2419"]
[BlackElo "2545"]
[PlyCount "58"]
[EventDate "2009.01.02"]
[EventType "swiss"]
[EventRounds "6"]
[EventCountry "NED"]
[Source "DSC"]
[SourceDate "2009.01.02"]

1. e4 d6 2. d4 Nf6 3. Nc3 e5 4. Nf3 Nbd7 5. Bc4 Be7 6. O-O O-O 7. Re1 c6 8. a4
b6 9. b3 a6 10. Bb2 Rb8 11. Bd3 Re8 12. Ne2 Bf8 13. Ng3 b5 14. h3 Qc7 15. Qd2
h6 16. Nh4 Bb7 17. Nhf5 Kh7 18. f4 g6 19. fxe5 dxe5 20. dxe5 Nxe5 21. Qf4 Nfd7
22. Rf1 gxf5 23. Qxf5+ Kg8 24. Nh5 Re6 25. Rad1 Bc5+ 26. Kh1 Rf8 27. Bxe5 Qxe5
28. Be2 Qxf5 29. Rxf5 Ne5 0-1

[Event "OGD Prinsenstad-toernooi - A groep"]
[Site "Delft"]
[Date "2009.01.04"]
[Round "5.4"]
[White "Lambrechts, Koen"]
[Black "Broekmeulen, Jasper"]
[Result "0-1"]
[WhiteElo "2109"]
[BlackElo "2321"]
[PlyCount "72"]
[EventDate "2009.01.02"]
[EventType "swiss"]
[EventRounds "6"]
[EventCountry "NED"]
[Source "DSC"]
[SourceDate "2009.01.02"]

1. e4 c5 2. Nf3 d6 3. d4 cxd4 4. Nxd4 Nf6 5. Nc3 a6 6. Bg5 e6 7. f4 Qc7 8. Bxf6
gxf6 9. f5 Nc6 10. Be2 Qb6 11. Nxc6 bxc6 12. Qd3 Rb8 13. b3 Qc5 14. fxe6 fxe6
15. O-O-O Bh6+ 16. Kb1 Bf4 17. Rdf1 Be5 18. Nd1 a5 19. g4 a4 20. g5 axb3 21.
cxb3 fxg5 22. Bh5+ Kd8 23. Ne3 Ra8 24. Rc1 Ba6 25. Qd2 Qd4 26. Qxd4 Bxd4 27.
Nc4 Ke7 28. e5 dxe5 29. Bf3 Rac8 30. Rhe1 Rhf8 31. Be2 Rf2 32. h3 c5 33. Rc2
Rcf8 34. Bd3 Rxc2 35. Kxc2 Rf2+ 36. Re2 e4 0-1

[Event "OGD Prinsenstad-toernooi - A groep"]
[Site "Delft"]
[Date "2009.01.04"]
[Round "5.5"]
[White "Vlam, Hora"]
[Black "Barendse, Ted"]
[Result "0-1"]
[WhiteElo "2037"]
[BlackElo "2088"]
[PlyCount "60"]
[EventDate "2009.01.02"]
[EventType "swiss"]
[EventRounds "6"]
[EventCountry "NED"]
[Source "DSC"]
[SourceDate "2009.01.02"]

1. c4 e5 2. Nc3 Nf6 3. Nf3 Nc6 4. d3 g6 5. Nd5 h6 6. Bd2 Bg7 7. Nxf6+ Qxf6 8.
Bc3 O-O 9. e3 Qe7 10. Be2 a5 11. O-O d6 12. Ne1 f5 13. Nc2 Kh7 14. Rb1 Bd7 15.
a3 a4 16. Nb4 Nxb4 17. axb4 b5 18. Ra1 c6 19. b3 axb3 20. Qxb3 Be6 21. Qb2 Qf7
22. cxb5 cxb5 23. d4 Rxa1 24. Rxa1 f4 25. Bxb5 Qb7 26. Ba6 Qe4 27. Re1 f3 28.
g3 Ra8 29. Ra1 Rxa6 30. Rxa6 Qg4 0-1

[Event "OGD Prinsenstad-toernooi - A groep"]
[Site "Delft"]
[Date "2009.01.04"]
[Round "5.6"]
[White "Van Helvoort, Rob"]
[Black "Fryling, Arnold"]
[Result "1-0"]
[WhiteElo "2196"]
[BlackElo "2185"]
[PlyCount "47"]
[EventDate "2009.01.02"]
[EventType "swiss"]
[EventRounds "6"]
[EventCountry "NED"]
[Source "DSC"]
[SourceDate "2009.01.02"]

1. e4 c5 2. c3 Nf6 3. e5 Nd5 4. d4 cxd4 5. Nf3 e6 6. cxd4 Nc6 7. Bc4 Nb6 8. Bb3
d6 9. exd6 Bxd6 10. O-O Ne7 11. Nc3 Bd7 12. Ng5 Nf5 13. Qd3 Be7 14. Nxf7 Kxf7
15. Qxf5+ Bf6 16. Bg5 h6 17. Bxf6 Qxf6 18. Qxf6+ gxf6 19. Rfe1 Nc8 20. Ne4 b6
21. Rac1 Re8 22. Rc7 Re7 23. d5 Be8 24. Rxc8 1-0

[Event "OGD Prinsenstad-toernooi - A groep"]
[Site "Delft"]
[Date "2009.01.04"]
[Round "5.18"]
[White "Vos, Jan-Pieter"]
[Black "De Waard, Remko"]
[Result "1-0"]
[WhiteElo "2093"]
[BlackElo "2032"]
[Annotator "Prinsenstad-toernooi"]
[PlyCount "75"]
[EventDate "2009.01.02"]
[EventType "swiss"]
[EventRounds "6"]
[EventCountry "NED"]
[Source "DSC"]
[SourceDate "2009.01.02"]

1. e4 e6 2. d4 d5 3. Nd2 Nf6 4. e5 Nfd7 5. Bd3 c5 6. c3 Nc6 7. Ndf3 Qb6 8. a3
cxd4 9. cxd4 Nxd4 10. Nxd4 Qxd4 11. Nf3 Qb6 12. Qa4 Be7 13. Be3 Qd8 14. Qg4 g6
15. Rc1 b6 16. O-O Bb7 17. h4 Rc8 18. h5 Kf8 19. Bh6+ Ke8 20. hxg6 hxg6 21.
Qxg6 Bf8 (21... fxg6 22. Bxg6#) 22. Qxe6+ fxe6 23. Bg6+ Ke7 24. Bg5+ Nf6 25.
Bxf6+ Kd7 26. Bxd8 Kxd8 27. Nd4 Kd7 28. b4 Bh6 29. Rcd1 Ke7 30. f4 Rhg8 31. Bb1
Rcf8 32. Ne2 Ba6 33. Bd3 Bxd3 34. Rxd3 Rc8 35. Nd4 Rc4 36. g3 a5 37. bxa5 bxa5
38. Rb1 $138 1-0

[Event "OGD Prinsenstad-toernooi - A groep"]
[Site "Delft"]
[Date "2009.01.04"]
[Round "6.1"]
[White "Reinderman, Dimitri"]
[Black "Giri, Anish"]
[Result "1/2-1/2"]
[WhiteElo "2545"]
[BlackElo "2447"]
[Annotator "Dimitri Reinderman"]
[PlyCount "52"]
[EventDate "2009.01.02"]
[EventType "swiss"]
[EventRounds "6"]
[EventCountry "NED"]
[Source "DSC"]
[SourceDate "2009.01.02"]

1. e4 c5 2. Nf3 e6 3. d4 cxd4 4. Nxd4 Nc6 5. Nc3 Qc7 6. Be3 a6 7. Be2 Nf6 8. a3
Be7 9. f4 d6 10. g4 Nd7 11. g5 b5 12. O-O Bb7 13. f5 Nxd4 14. Bxd4 e5 15. Be3
Nb6 16. f6 gxf6 17. gxf6 Bf8 18. Kh1 Rg8 19. Bxb6 Qxb6 20. Nd5 Qc5 21. b4 Qc8 {
Diagram # Hier liet ik een kans liggen. Wit staat goed: ruil op d5 isonprettig 
voor zwart, zelfs als hij dames weet te ruilen blijft hij nog met zwakke
pionnen zitten (wit kan met c4 of a4 de zwarte damevleugel aantasten). Als
zwart niet ruilt, heeft wit een sterk paard op d5.} {
In de partij won ik materiaal, waar zwart goede compensatie voor kreeg:} 22.
Rf2 $2 ({Zwart kan wel proberen een tegenaanval op te zetten, en dat had ik
hier moeten voorkomen met} 22. Qd3 $1) 22... Qh3 23. Nc7+ Kd8 24. Nxa8 Qh4 25.
Qf1 Bxa8 26. Bf3 Rg6 {en hier bood hij remise aan, wat ik aannam omdat ik niet
goed zag hoe ik mijn stukken moest bewegen.} ({(} 26... Rg6 {)} {
De computer geeft hier overigens na} 27. a4 bxa4 28. Rxa4 Bxe4 29. Rxa6 Rxf6
30. Ra3 Bb7 {0.00 aan.}) 1/2-1/2

[Event "OGD Prinsenstad-toernooi - A groep"]
[Site "Delft"]
[Date "2009.01.04"]
[Round "6.2"]
[White "Van den Doel, Erik"]
[Black "Broekmeulen, Jasper"]
[Result "1-0"]
[WhiteElo "2566"]
[BlackElo "2331"]
[PlyCount "107"]
[EventDate "2009.01.02"]
[EventType "swiss"]
[EventRounds "6"]
[EventCountry "NED"]
[Source "DSC"]
[SourceDate "2009.01.02"]

1. e4 e5 2. Nf3 d6 3. d4 exd4 4. Nxd4 Nf6 5. Nc3 Be7 6. Be2 O-O 7. Bf4 Re8 8.
Qd2 c6 9. O-O Bf8 10. f3 Nbd7 11. Rad1 Ne5 12. Bg3 b5 13. Kh1 b4 14. Na4 Qa5
15. b3 c5 16. Nb5 Ba6 17. Nxd6 Rad8 18. Nxe8 Rxd2 19. Nxf6+ gxf6 20. Rxd2 Bh6
21. f4 Bb7 22. Rd6 Nc6 23. Bc4 Bf8 24. Rxf6 Ba6 25. Bd5 Bxf1 26. Rxf7 c4 27.
Bh4 Qxd5 28. Rxf8+ Kxf8 29. exd5 cxb3 30. cxb3 Nd4 31. d6 Ke8 32. Nc5 Bb5 33.
Bf2 Ne2 34. f5 Nc3 35. g4 Nxa2 36. h4 a5 37. g5 Nc1 38. g6 hxg6 39. fxg6 Nd3
40. d7+ Ke7 41. d8=Q+ Kxd8 42. g7 Bc6+ 43. Kh2 Bd5 44. Nxd3 Bxb3 45. Bc5 Ke8
46. Ne5 Bg8 47. Kg3 b3 48. Ba3 a4 49. Kf4 Bh7 50. Kg5 Bg8 51. Kf6 Bh7 52. h5
Bg8 53. h6 Bh7 54. Nf3 1-0

[Event "OGD Prinsenstad-toernooi - A groep"]
[Site "Delft"]
[Date "2009.01.04"]
[Round "6.3"]
[White "Barendse, Ted"]
[Black "Op den Kelder, Joram"]
[Result "0-1"]
[WhiteElo "2088"]
[BlackElo "2228"]
[PlyCount "100"]
[EventDate "2009.01.02"]
[EventType "swiss"]
[EventRounds "6"]
[EventCountry "NED"]
[Source "DSC"]
[SourceDate "2009.01.02"]

1. e4 c5 2. Nc3 Nc6 3. Nge2 e6 4. d4 cxd4 5. Nxd4 Qc7 6. Be3 a6 7. Bd3 Nf6 8.
O-O Ne5 9. f4 Neg4 10. Bd2 Bc5 11. Nce2 e5 12. fxe5 Qxe5 13. Bf4 Bxd4+ 14. Kh1
Qc5 15. Nxd4 Qxd4 16. e5 Nf2+ 17. Rxf2 Qxf2 18. exf6 gxf6 19. Qe1+ Qxe1+ 20.
Rxe1+ Kd8 21. Bd6 b6 22. Bc4 Bb7 23. Bxf7 Bc6 24. Rf1 Be4 25. Rxf6 Rc8 26. c3
Rc6 27. Bb3 Re8 28. Kg1 Bd3 29. Kf2 Bc4 30. Bd1 Be6 31. Bf4 Bxa2 32. Rxc6 dxc6
33. g4 Bb1 34. h4 Kd7 35. h5 b5 36. Be3 a5 37. Bb6 a4 38. Bc5 Be4 39. Kg3 Ke6
40. Kf4 Kd5 41. Bd4 c5 42. Bf6 Bd3 43. g5 Re4+ 44. Kg3 Re1 45. Bf3+ Kc4 46. Kf2
Rb1 47. Ke3 Rxb2 48. Bg4 Kb3 49. c4 Rg2 50. Bd1+ Kxc4 0-1

[Event "OGD Prinsenstad-toernooi - A groep"]
[Site "Delft"]
[Date "2009.01.04"]
[Round "6.4"]
[White "Meng, Roger"]
[Black "Van Helvoort, Rob"]
[Result "0-1"]
[WhiteElo "1994"]
[BlackElo "2196"]
[PlyCount "72"]
[EventDate "2009.01.02"]
[EventType "swiss"]
[EventRounds "6"]
[EventCountry "NED"]
[Source "DSC"]
[SourceDate "2009.01.02"]

1. Nf3 c5 2. g3 Nc6 3. d4 cxd4 4. Nxd4 g6 5. Bg2 Bg7 6. c3 Qb6 7. e3 Nf6 8. O-O
d5 9. Nb3 O-O 10. N1d2 Ne5 11. Nd4 Nd3 12. Qc2 Nxc1 13. Rfxc1 e5 14. N4f3 e4
15. Nd4 Ng4 16. Qb3 Qc5 17. Qa4 Bh6 18. Re1 Ne5 19. c4 Bd7 20. Qc2 Rac8 21. Bf1
b5 22. b3 Qa3 23. Rec1 Rc5 24. Qb1 bxc4 25. bxc4 Bxe3 26. Nc2 Qc3 27. Nxe3 Qxd2
28. Rd1 Nf3+ 29. Kg2 Bh3+ 30. Kxh3 Qxf2 31. Ng4 Ng1+ 32. Kh4 Nf3+ 33. Kh3 d4
34. Qb5 Rxb5 35. cxb5 Qb2 36. Rdb1 Qd2 0-1

[Event "OGD Prinsenstad-toernooi - A groep"]
[Site "Delft"]
[Date "2009.01.04"]
[Round "6.5"]
[White "Van der Beek, Ruud"]
[Black "Van Overdam, Julian"]
[Result "1/2-1/2"]
[WhiteElo "1989"]
[BlackElo "2011"]
[PlyCount "98"]
[EventDate "2009.01.02"]
[EventType "swiss"]
[EventRounds "6"]
[EventCountry "NED"]
[Source "DSC"]
[SourceDate "2009.01.02"]

1. c4 e5 2. Nc3 Bb4 3. Nf3 Nc6 4. g3 Bxc3 5. dxc3 d6 6. Bg2 Nge7 7. e4 O-O 8.
O-O Be6 9. b3 h6 10. Ne1 f5 11. exf5 Bxf5 12. Nc2 Qd7 13. Ne3 Bh3 14. Nd5 Bxg2
15. Kxg2 Rae8 16. c5 Rd8 17. cxd6 Qxd6 18. Nxe7+ Qxe7 19. Qe2 Qd6 20. Be3 Qd3
21. Qg4 Qd7 22. Qe2 Ne7 23. Kg1 Qc6 24. c4 Rd6 25. Rad1 Rfd8 26. Bc1 Qd7 27.
Rxd6 Qxd6 28. Bb2 Nc6 29. Qe4 Qd3 30. Re1 Qxe4 31. Rxe4 Rd2 32. Bxe5 Nxe5 33.
Rxe5 Rxa2 34. Rb5 b6 35. c5 Kf7 36. g4 g5 37. cxb6 axb6 38. Rf5+ Ke7 39. Kg2
Rb2 40. Rf3 c5 41. Kg3 b5 42. Rd3 b4 43. f3 Rc2 44. Rd5 Ke6 45. Rf5 Rc3 46. h4
Rxb3 47. Rxc5 gxh4+ 48. Kxh4 Rxf3 49. Rc6+ Kf7 1/2-1/2

[Event "OGD Prinsenstad-toernooi - B groep"]
[Site "Delft"]
[Date "2009.01.02"]
[Round "1.1"]
[White "Merza, Morris"]
[Black "Van Dongen, Leo"]
[Result "1-0"]
[WhiteElo "1989"]
[BlackElo "1755"]
[PlyCount "45"]
[EventDate "2009.01.02"]
[EventType "swiss"]
[EventRounds "6"]
[EventCountry "NED"]
[Source "DSC"]
[SourceDate "2009.01.02"]

1. e4 e5 2. Nc3 Nc6 3. f4 Bc5 4. Nf3 d6 5. Na4 Bb6 6. Nxb6 axb6 7. Bc4 Nf6 8.
d3 exf4 9. Bxf4 Na5 10. Bb3 Nxb3 11. axb3 Rxa1 12. Qxa1 O-O 13. Qa7 Qe8 14. Kd2
Nxe4+ 15. dxe4 Qxe4 16. Qa4 Qg6 17. Bg3 c5 18. Qf4 d5 19. Re1 Qc6 20. Qd6 Be6
21. Qxc6 bxc6 22. Bc7 b5 23. Bd6 1-0

[Event "OGD Prinsenstad-toernooi - B groep"]
[Site "Delft"]
[Date "2009.01.02"]
[Round "1.2"]
[White "Van Soest, Roland"]
[Black "Van der Berg, Bas"]
[Result "0-1"]
[WhiteElo "1754"]
[BlackElo "1950"]
[PlyCount "114"]
[EventDate "2009.01.02"]
[EventType "swiss"]
[EventRounds "6"]
[EventCountry "NED"]
[Source "DSC"]
[SourceDate "2009.01.02"]

1. e4 c6 2. d4 d5 3. exd5 cxd5 4. Be3 Nf6 5. h3 Nc6 6. Nf3 Bf5 7. c3 e6 8. Nbd2
Bd6 9. Nb3 O-O 10. Nh4 Be4 11. Nf3 Bxf3 12. Qxf3 e5 13. O-O-O e4 14. Qe2 a5 15.
g4 a4 16. Nc5 a3 17. b4 Qc7 18. Kb1 b6 19. Nb3 Ne7 20. Rc1 Rfc8 21. h4 Qd7 22.
Bh3 Ne8 23. g5 Nf5 24. Qg4 g6 25. h5 Rc7 26. hxg6 fxg6 27. Bf4 Rac8 28. Bd2 Bf8
29. Qe2 Ned6 30. Bg2 Qb5 31. Qxb5 Nxb5 32. Rh3 Nfd6 33. Bf1 Rf7 34. Be1 Be7 35.
Rg3 Rf3 36. Rxf3 exf3 37. Bh3 Rf8 38. Be6+ Kg7 39. Bxd5 Bxg5 40. Rd1 Nc7 41.
Bc6 h5 42. Nd2 Bxd2 43. Bxd2 Rf6 44. Re1 Nc4 45. Re7+ Kf8 46. Rxc7 Nxd2+ 47.
Kc2 Nf1 48. d5 g5 49. Rc8+ Ke7 50. Re8+ Kd6 51. Re1 Nh2 52. Rh1 Ng4 53. Rxh5
Nxf2 54. Kd2 Ne4+ 55. Ke3 Nxc3 56. Rh8 f2 57. Rd8+ Kc7 0-1

[Event "OGD Prinsenstad-toernooi - B groep"]
[Site "Delft"]
[Date "2009.01.02"]
[Round "1.13"]
[White "Anink, Marco"]
[Black "Bilars, Gerard"]
[Result "1-0"]
[WhiteElo "1840"]
[BlackElo "1683"]
[PlyCount "54"]
[EventDate "2009.01.02"]
[EventType "swiss"]
[EventRounds "6"]
[EventCountry "NED"]
[Source "DSC"]
[SourceDate "2009.01.02"]

1. d4 d5 2. c4 e5 3. dxe5 d4 4. Nf3 Nc6 5. a3 Bg4 6. Nbd2 Nge7 7. h3 Bh5 8. b4
Nf5 9. g4 Ne3 10. fxe3 dxe3 11. Ne4 Qxd1+ 12. Kxd1 O-O-O+ 13. Ke1 Nxb4 14. Bxe3
Nc2+ 15. Kf2 Nxa1 16. gxh5 Bxa3 17. h4 Nc2 18. Bg5 Rde8 19. Bh3+ Kb8 20. Bd7 a5
21. Rd1 Rd8 22. Bxd8 Rxd8 23. Nfg5 Be7 24. Nxf7 Bxh4+ 25. Kf3 Rf8 26. e6 Be7
27. Ng3 g6 1-0

[Event "OGD Prinsenstad-toernooi - B groep"]
[Site "Delft"]
[Date "2009.01.02"]
[Round "1.18"]
[White "O'Mahony, Cian"]
[Black "Gieben, Stijn"]
[Result "1-0"]
[WhiteElo "1651"]
[BlackElo "1771"]
[Annotator "Prinsenstad-toernooi"]
[PlyCount "49"]
[EventDate "2009.01.02"]
[EventType "swiss"]
[EventRounds "6"]
[EventCountry "NED"]
[Source "DSC"]
[SourceDate "2009.01.02"]

1. d4 Nf6 2. c4 e6 3. Nc3 Bb4 4. e3 b6 5. Bd3 Bb7 6. Nge2 O-O 7. O-O d5 8. cxd5
exd5 9. a3 Bd6 10. b4 c6 11. Bb2 Qc7 12. Ng3 Re8 13. Rc1 a6 14. Re1 a5 15. e4
dxe4 16. Ncxe4 Nxe4 17. Bxe4 Nd7 18. d5 c5 19. Bxh7+ $1 Kxh7 20. Qh5+ Kg8 21.
Bxg7 $3 Kxg7 (21... Rxe1+ 22. Rxe1 f6 23. Nf5 Ne5 24. Bxf6 Qh7 25. Qxh7+ Kxh7
26. Nxd6 $18) (21... f6 22. Rxe8+ Rxe8 23. Qxe8+ Kxg7 24. Nf5+ Kh7 25. Qf7+ Kh8
26. Qg7#) 22. Nf5+ Kf6 (22... Kg8 $2 23. Qg5+ Kf8 24. Qg7#) 23. Nxd6 Re5 (23...
Ne5 24. h4 Rg8 25. Qxe5+ Kg6 26. Rc3 $18) (23... Qxd6 24. Qh6+ Kf5 25. Qxd6 $18
) 24. Qxf7+ Kg5 25. Rxe5+ (25. Rxe5+ Nxe5 26. f4+ Kg4 27. Qf5+ Kh4 28. g3#) 1-0

[Event "OGD Prinsenstad-toernooi - B groep"]
[Site "Delft"]
[Date "2009.01.03"]
[Round "2.1"]
[White "Theyn, Dave"]
[Black "Merza, Morris"]
[Result "0-1"]
[WhiteElo "1840"]
[BlackElo "1989"]
[PlyCount "58"]
[EventDate "2009.01.02"]
[EventType "swiss"]
[EventRounds "6"]
[EventCountry "NED"]
[Source "DSC"]
[SourceDate "2009.01.02"]

1. e4 d5 2. exd5 Nf6 3. d4 Bg4 4. Nf3 Nxd5 5. c4 Nf6 6. Be2 e6 7. O-O Be7 8.
Qb3 Qc8 9. Be3 O-O 10. Nc3 Nbd7 11. h3 Bh5 12. Rac1 Rd8 13. Rfd1 Nb6 14. a4 a5
15. g4 Bg6 16. Ne5 Bb4 17. d5 exd5 18. Bxb6 cxb6 19. Nxg6 hxg6 20. cxd5 Bc5 21.
Bf3 Qc7 22. Kg2 Qf4 23. Ne2 Qg5 24. Ng3 Rd6 25. Qc4 Rad8 26. Rd3 Nxd5 27. Rxd5
Rxd5 28. Bxd5 Qxd5+ 29. Qxd5 Rxd5 0-1

[Event "OGD Prinsenstad-toernooi - B groep"]
[Site "Delft"]
[Date "2009.01.03"]
[Round "2.2"]
[White "Moerkerken, Remko"]
[Black "Bons, Maurits"]
[Result "0-1"]
[WhiteElo "1893"]
[BlackElo "1803"]
[Annotator "Prinsenstad-toernooi"]
[PlyCount "44"]
[EventDate "2009.01.02"]
[EventType "swiss"]
[EventRounds "6"]
[EventCountry "NED"]
[Source "DSC"]
[SourceDate "2009.01.02"]

1. e4 e6 2. d4 d5 3. e5 c5 4. c3 Nc6 5. Nf3 Qb6 6. Be2 Nh6 7. Bxh6 gxh6 8. b3
Rg8 9. O-O cxd4 10. cxd4 Rg4 11. Nc3 Nxd4 12. Nxd4 Rxd4 13. Qc2 Qc7 {Diagram #}
14. Qxh7 $4 (14. Rfc1) 14... Qxc3 15. Bb5+ Bd7 16. Rfc1 Qb4 17. Bxd7+ Kxd7 18.
Qxf7+ Be7 19. a3 Qb6 20. Rc2 Rf8 21. Qh7 Rdf4 22. Rac1 R4f7 0-1

[Event "OGD Prinsenstad-toernooi - B groep"]
[Site "Delft"]
[Date "2009.01.03"]
[Round "2.2"]
[White "Van den Berg, Bastiaan"]
[Black "Anink, Marco"]
[Result "1-0"]
[WhiteElo "1950"]
[BlackElo "1840"]
[PlyCount "57"]
[EventDate "2009.01.02"]
[EventType "swiss"]
[EventRounds "6"]
[EventCountry "NED"]
[Source "DSC"]
[SourceDate "2009.01.02"]

1. d4 Nc6 2. Nf3 d5 3. Bf4 Bg4 4. e3 e6 5. Nbd2 Bd6 6. Bxd6 Qxd6 7. c4 Nf6 8.
c5 Qe7 9. Bb5 O-O 10. Bxc6 bxc6 11. h3 Bxf3 12. Nxf3 Rfb8 13. Rb1 Rb5 14. Ne5
Qe8 15. O-O Ne4 16. Qe1 f6 17. Nd3 Qg6 18. Nf4 Qe8 19. f3 Ng5 20. b4 e5 21. Ne2
Rab8 22. Nc3 R5b7 23. Qd2 Qg6 24. Kh1 Ne6 25. b5 cxb5 26. c6 Rb6 27. Nxd5 Qe8
28. Nxb6 Rxb6 29. d5 1-0

[Event "OGD Prinsenstad-toernooi - B groep"]
[Site "Delft"]
[Date "2009.01.03"]
[Round "2.6"]
[White "Den Boer, Lennard"]
[Black "Manoch, Maurice"]
[Result "1/2-1/2"]
[WhiteElo "1865"]
[BlackElo "1771"]
[Annotator "Prinsenstad-toernooi"]
[PlyCount "119"]
[EventDate "2009.01.02"]
[EventType "swiss"]
[EventRounds "6"]
[EventCountry "NED"]
[Source "DSC"]
[SourceDate "2009.01.02"]

1. e4 e6 2. d4 d5 3. Nc3 Nf6 4. e5 Nfd7 5. f4 c5 6. Nf3 Nc6 7. Bb5 Qb6 8. Be3
a6 9. Bxc6 bxc6 10. dxc5 Bxc5 11. Bxc5 Qxc5 12. Nd4 O-O 13. O-O Qa7 14. Kh1 c5
15. Nc6 Qc7 16. Ne7+ Kh8 17. Nxc8 Raxc8 18. Qg4 f5 19. Qh4 Nb6 20. Ne2 Nc4 21.
Ng1 Nxb2 22. Nf3 h6 23. Ng5 Qe7 24. Qh5 Qe8 25. Qh3 Kg8 26. Nf3 Nc4 27. Rfb1
Rb8 28. Rb3 Rxb3 29. axb3 Ne3 30. Ne1 Ng4 31. Qf3 d4 32. Rxa6 Qb5 33. Rxe6 Qb4
34. Qe2 Ra8 35. Nf3 Ra1+ 36. Ng1 Re1 (36... d3 $1 37. cxd3 Qd4) 37. Qf3 Qd2 38.
h3 Nf2+ (38... Qe3 39. Qxe3 dxe3 $1 40. hxg4 e2 $19) 39. Kh2 Re3 $2 (39... Ne4)
40. Qa8+ Kh7 41. Qe8 Rxh3+ (41... Rg3 42. Kxg3 (42. Ne2 Ng4+ 43. hxg4 Rxg2+ 44.
Kxg2 Qxe2+ $11) 42... Ne4+ 43. Kh2 Qxf4+ 44. g3 Qxg3+ 45. Kh1 Nf2#) 42. Nxh3
Ng4+ 43. Kg3 Qe1+ 44. Nf2 Qxf2+ 45. Kh3 Qe3+ 46. g3 Nf2+ 47. Kg2 Qe4+ 48. Kf1 (
48. Kxf2 Qxc2+ 49. Kf1 Qd3+ 50. Ke1 Qb1+ 51. Ke2 Qc2+ 52. Kf3 Qe4+ 53. Kf2 Qc2+
) 48... Qh1+ 49. Kxf2 Qh2+ 50. Ke1 (50. Kf3 Qh1+ 51. Ke2 Qg2+ 52. Kd3 Qe4+ (
52... Qf1+ 53. Kd2 Qf2+ 54. Kc1 Qxg3 $18) 53. Kc4 (53. Kc4 Qxc2+ 54. Kd5 $18))
50... Qg1+ 51. Ke2 Qe3+ 52. Kd1 Qg1+ 53. Ke2 Qe3+ 54. Kf1 Qf3+ 55. Ke1 Qe3+ 56.
Kd1 Qg1+ 57. Ke2 Qe3+ 58. Kf1 Qf3+ 59. Kg1 Qxg3+ 60. Kh1 1/2-1/2